000 00529nam a2200193Ia 4500
005 20250508164008.0
008 008 250505s9999 xx 000 0 hin d
037 _aTextual
040 _aFEDL
_beng
_cFEDL
041 _ahin
_2eng
084 _a323.4, SAI
_qFEDL
100 _aSaini R. D.
_9776997
245 0 _aSuchna ka adhikar
260 _aPanchkula, India
_bHaryana Sahitya Akademi
_c2003
300 _a285p
700 _a Manglani Rupa
_9776998
942 _cTEXL
_h323.4, SAI
999 _c1386483
_d1386483